|
|
|
|
| LEADER |
00000naa2a2200000 4500 |
| 001 |
606297 |
| 005 |
20231101132409.0 |
| 035 |
|
|
|a (RuTPU)RU\TPU\conf\3676
|
| 035 |
|
|
|a RU\TPU\conf\3673
|
| 090 |
|
|
|a 606297
|
| 100 |
|
|
|a 20140526d2013 k y0rusy50 ca
|
| 101 |
0 |
|
|a rus
|
| 102 |
|
|
|a RU
|
| 105 |
|
|
|a y z 101zy
|
| 135 |
|
|
|a drgn ---uucaa
|
| 181 |
|
0 |
|a i
|
| 182 |
|
0 |
|a b
|
| 200 |
1 |
|
|a Проблемы трудоутройства иностранных студентов обучающихся в России
|f Амани Мангуа Марк Марсьяль
|g науч. рук. М. С. Егорова
|
| 203 |
|
|
|a Текст
|c электронный
|
| 225 |
1 |
|
|a Особенности миграционной политики в современном мире
|
| 230 |
|
|
|a 1 компьютерный файл (pdf; 354 Кб)
|
| 300 |
|
|
|a Заглавие с титульного экрана
|
| 330 |
|
|
|a Обозначены проблемы трудоустройства иностранных студентов российских ВУЗов. Показано воздействие увеличения занятости иностранных студентов на экономический рост России. Раскрыты преимущества и недостатки частичной занятости студентов на российском рынке труда. Проведен анализ преимуществ и недостатков частичной занятости во время обучения иностранных студентов в ВУЗах.
|
| 337 |
|
|
|a Adobe Reader
|
| 463 |
|
0 |
|0 (RuTPU)RU\TPU\conf\3320
|t Экономика России в XXI веке
|o сборник научных трудов Х Всероссийской научно-практической конференции "Фундаментальные проблемы модернизации экономики России", г. Томск, 19-23 ноября 2013 г.
|f Национальный исследовательский Томский политехнический университет (ТПУ) ; под ред. Г. А. Барышевой и др.
|v [С. 254-257]
|d 2013
|
| 610 |
1 |
|
|a труды учёных ТПУ
|
| 610 |
1 |
|
|a электронный ресурс
|
| 610 |
1 |
|
|a трудоустройство
|
| 610 |
1 |
|
|a иностранные студенты
|
| 610 |
1 |
|
|a Россия
|
| 610 |
1 |
|
|a рынок труда
|
| 700 |
|
0 |
|a Амани Мангуа Марк Марсьяль
|
| 702 |
|
1 |
|a Егорова
|b М. С.
|c экономист
|c ассистент кафедры Томского политехнического университета
|f 1982-
|g Мария Сергеевна
|2 stltpush
|4 727
|
| 712 |
0 |
2 |
|a Национальный исследовательский Томский политехнический университет (ТПУ)
|b Институт социально-гуманитарных технологий (ИСГТ)
|b Кафедра истории и регионоведения (ИСТ)
|h 38
|2 stltpush
|3 (RuTPU)RU\TPU\col\18372
|
| 801 |
|
2 |
|a RU
|b 63413507
|c 20160217
|g RCR
|
| 856 |
4 |
|
|u http://www.lib.tpu.ru/fulltext/c/2013/C40/087.pdf
|
| 942 |
|
|
|c BK
|